|
|
|
|
| LEADER |
00000cam a2200000 c 4500 |
| 001 |
271829397 |
| 003 |
DE-627 |
| 005 |
20260206200502.0 |
| 007 |
tu |
| 008 |
970422s1997 gw ||||| m 00| ||ger c |
| 015 |
|
|
|a 97,N15,0285
|2 dnb
|
| 015 |
|
|
|a 97,H09,0450
|2 dnb
|
| 016 |
7 |
|
|a 949953245
|2 DE-101
|
| 020 |
|
|
|a 3631316305
|9 3-631-31630-5
|
| 035 |
|
|
|a (DE-627)271829397
|
| 035 |
|
|
|a (DE-603)052223531
|
| 035 |
|
|
|a (DE-576)05856487X
|
| 035 |
|
|
|a (DE-599)GBV271829397
|
| 035 |
|
|
|a (OCoLC)246662597
|
| 035 |
|
|
|a (OCoLC)845378114
|
| 035 |
|
|
|a (OCoLC)845378114
|
| 035 |
|
|
|a (OCoLC)41645761
|
| 040 |
|
|
|a DE-627
|b ger
|c DE-627
|e rakwb
|
| 041 |
|
|
|a ger
|
| 044 |
|
|
|c XA-DE
|c XD-US
|c XA-CH
|c XA
|c XA-MT
|c XA-NO
|c XA-LI
|
| 082 |
0 |
|
|a 345/.04
|
| 082 |
0 |
|
|a 345.04
|q LoC
|2 DDC21oclc
|
| 084 |
|
|
|a 19
|2 sdnb
|
| 084 |
|
|
|a PR 2208
|2 rvk
|0 (DE-625)rvk/139527:
|
| 084 |
|
|
|a PH 6040
|2 rvk
|0 (DE-625)rvk/136213:
|
| 084 |
|
|
|a 86.19
|2 bkl
|
| 084 |
|
|
|a 86.34
|2 bkl
|
| 084 |
|
|
|a 86.10
|2 bkl
|
| 100 |
1 |
|
|a Wittemann, Frank
|4 aut
|
| 245 |
1 |
0 |
|a Grundlinien und Grenzen der Notwehr in Europa
|c Frank Wittemann
|
| 264 |
|
1 |
|a Frankfurt am Main
|a Berlin [u.a.]
|b Lang
|c 1997
|
| 300 |
|
|
|a XXXV, 301 S.
|
| 336 |
|
|
|a Text
|b txt
|2 rdacontent
|
| 337 |
|
|
|a ohne Hilfsmittel zu benutzen
|b n
|2 rdamedia
|
| 338 |
|
|
|a Band
|b nc
|2 rdacarrier
|
| 490 |
1 |
|
|a Europäische Hochschulschriften
|a Reihe 2, Rechtswissenschaft = Droit = Law
|v 2143
|
| 502 |
|
|
|a Zugl.: Heidelberg, Univ., Diss., 1996/97
|
| 583 |
1 |
|
|a Archivierung/Langzeitarchivierung gewährleistet
|f DISS
|x XA-DE-BW
|2 pdager
|5 DE-16
|
| 583 |
1 |
|
|a Archivierung prüfen
|c 20240324
|f DE-4165
|z 2
|2 pdager
|
| 610 |
2 |
7 |
|0 (DE-588)5098525-5
|0 (DE-627)132918269
|0 (DE-576)194702391
|a Europäische Union
|2 gnd
|
| 650 |
0 |
7 |
|0 (DE-588)4170174-4
|0 (DE-627)104500085
|0 (DE-576)209928123
|a Mitgliedsstaaten
|2 gnd
|
| 650 |
0 |
7 |
|0 (DE-588)4136606-2
|0 (DE-627)105656186
|0 (DE-576)209670649
|a Notwehr
|2 gnd
|
| 651 |
|
7 |
|0 (DE-588)4053881-3
|0 (DE-627)104584904
|0 (DE-576)20910614X
|a Schweiz
|2 gnd
|
| 651 |
|
7 |
|0 (DE-588)4035665-6
|0 (DE-627)106246526
|0 (DE-576)209013966
|a Liechtenstein
|2 gnd
|
| 651 |
|
7 |
|0 (DE-588)4042640-3
|0 (DE-627)104106735
|0 (DE-576)209051795
|a Norwegen
|2 gnd
|
| 651 |
|
7 |
|0 (DE-588)4037257-1
|0 (DE-627)104757582
|0 (DE-576)209023147
|a Malta
|2 gnd
|
| 655 |
|
7 |
|a Hochschulschrift
|0 (DE-588)4113937-9
|0 (DE-627)105825778
|0 (DE-576)209480580
|2 gnd-content
|
| 689 |
0 |
0 |
|d b
|0 (DE-588)5098525-5
|0 (DE-627)132918269
|0 (DE-576)194702391
|a Europäische Union
|2 gnd
|
| 689 |
0 |
1 |
|d s
|0 (DE-588)4170174-4
|0 (DE-627)104500085
|0 (DE-576)209928123
|a Mitgliedsstaaten
|2 gnd
|
| 689 |
0 |
2 |
|d s
|0 (DE-588)4136606-2
|0 (DE-627)105656186
|0 (DE-576)209670649
|a Notwehr
|2 gnd
|
| 689 |
0 |
|
|5 DE-101
|
| 689 |
1 |
0 |
|d g
|0 (DE-588)4053881-3
|0 (DE-627)104584904
|0 (DE-576)20910614X
|a Schweiz
|2 gnd
|
| 689 |
1 |
1 |
|d s
|0 (DE-588)4136606-2
|0 (DE-627)105656186
|0 (DE-576)209670649
|a Notwehr
|2 gnd
|
| 689 |
1 |
2 |
|d g
|0 (DE-588)4035665-6
|0 (DE-627)106246526
|0 (DE-576)209013966
|a Liechtenstein
|2 gnd
|
| 689 |
1 |
3 |
|d g
|0 (DE-588)4042640-3
|0 (DE-627)104106735
|0 (DE-576)209051795
|a Norwegen
|2 gnd
|
| 689 |
1 |
4 |
|d g
|0 (DE-588)4037257-1
|0 (DE-627)104757582
|0 (DE-576)209023147
|a Malta
|2 gnd
|
| 689 |
1 |
|
|5 DE-101
|
| 751 |
|
|
|a Heidelberg
|0 (DE-588)4023996-2
|0 (DE-627)106300814
|0 (DE-576)208952578
|4 uvp
|
| 830 |
|
0 |
|a Europäische Hochschulschriften
|n Reihe 2
|p Rechtswissenschaft
|v 2143
|9 2143
|w (DE-627)130134236
|w (DE-576)015671542
|w (DE-600)510544-4
|x 0531-7312
|7 am
|
| 889 |
|
|
|w (DE-627)226182061
|
| 935 |
|
|
|i mdedup
|
| 935 |
|
|
|i Blocktest
|
| 936 |
r |
v |
|a PR 2208
|b Selbsthilfe / Völkerrecht (BF Staatsnotstand / Völkerrecht) UB Repressalie, Geiselnahme, Intervention / Völkerrecht, Retorsion, Boykott, Sanktion / Völkerrecht, Wirtschaftssanktion
|k Rechtswissenschaft
|k Völkerrecht
|k Einzelgebiete des Völkerrechts im Frieden
|k Selbsthilfe / Völkerrecht (BF Staatsnotstand / Völkerrecht) UB Repressalie, Geiselnahme, Intervention / Völkerrecht, Retorsion, Boykott, Sanktion / Völkerrecht, Wirtschaftssanktion
|0 (DE-627)1271351722
|0 (DE-625)rvk/139527:
|0 (DE-576)201351722
|
| 936 |
r |
v |
|a PH 6040
|b Vergleichendes Strafrecht
|k Rechtswissenschaft
|k Strafrecht, Strafverfahrensrecht, Kriminologie
|k Vergleichendes und ausländisches Straf- und Strafprozessrecht einschliesslich Strafvollzug
|k Rechtsvergleich
|k Vergleichendes Strafrecht
|0 (DE-627)1271793709
|0 (DE-625)rvk/136213:
|0 (DE-576)201793709
|
| 936 |
b |
k |
|a 86.19
|j Allgemeiner Teil des BGB
|0 (DE-627)181570718
|
| 936 |
b |
k |
|a 86.34
|j Strafrecht: Allgemeiner Teil
|0 (DE-627)10641674X
|
| 936 |
b |
k |
|a 86.10
|j Recht einzelner Länder, Gebiete und Völker
|0 (DE-627)106422499
|
| 936 |
s |
n |
|a p100
|2 mzub
|
| 951 |
|
|
|a BO
|
| ELC |
|
|
|b 1
|
| LOK |
|
|
|0 000 xxxxxcx a22 zn 4500
|
| LOK |
|
|
|0 001 3181557285
|
| LOK |
|
|
|0 003 DE-627
|
| LOK |
|
|
|0 004 271829397
|
| LOK |
|
|
|0 005 20151116134936
|
| LOK |
|
|
|0 008 150728||||||||||||||||ger|||||||
|
| LOK |
|
|
|0 040
|a DE-21-110
|c DE-627
|d DE-21-110
|
| LOK |
|
|
|0 689
|a s
|a Notwehrrecht
|
| LOK |
|
|
|0 689
|a s
|a Europäischer Vergleich
|
| LOK |
|
|
|0 852
|z Kein Bestand am IfK; Nachweis für KrimDok
|
| LOK |
|
|
|0 852
|a DE-21-110
|
| LOK |
|
|
|0 852 1
|9 00
|
| LOK |
|
|
|0 935
|a k110
|
| LOK |
|
|
|0 939
|a 28-07-15
|b l01
|
| ORI |
|
|
|a SA-MARC-krimdoka001.raw
|
| TIM |
|
|
|a 100019931101_100020261231
|b 1993-11-01 - 2026
|